000 00569 a2200181 4500
001 142473
040 _cLeonardo Da Vinci
041 _aPortuguês
082 _av215
100 _aEDUCACIONAL SHOP VIDEO
245 _aTake a look (Dê uma olhada)
_bpara crianças de 7 a 10 anos
250 _av.1-2
260 _bESV
_aSão Paulo
490 _aTV Ontario
520 _aAjuda a criança a descobrir o papel da ciência em sua vida
697 _aCiências
_aPlantas
_aFlores e Sementes
_aInsetos
_aPássaros
_aEstações do Ano
_aO Sol e os outros astros
942 _cVM
999 _c142473
_d142473